| 000 | 00585nam a2200217Ia 4500 | ||
|---|---|---|---|
| 005 | 20260429111928.0 | ||
| 008 | 260429s9999||||xx |||||||||||||| ||und|| | ||
| 020 | _a9780415791793 | ||
| 041 | _aEnglish | ||
| 082 |
_a791.43 _bCOL |
||
| 100 | _aColman, Felicity | ||
| 245 | 0 |
_aFilm theory and philosophy : _bthe key thinkers / _cFelicity Colman |
|
| 250 | _a1st ed. | ||
| 260 |
_aNew York : _bRoutledge, _c2009. |
||
| 300 | _axi, 404 p.; pbk | ||
| 650 | _a Cinema studies | ||
| 650 | _a Media studies | ||
| 650 | _a Philosophy of film | ||
| 650 | _aFilm theory | ||
| 942 | _cTB | ||
| 999 |
_c51474 _d51474 |
||